000 00646nam a2200217Ia 4500
999 _c35907
_d35907
003 GCL
005 20240530103002.0
008 140319s9999 xx 000 0 ara d
040 _aGCL /
_cGCL
082 0 4 _a140
_bع م
100 1 _aعبدالله العروى
245 1 0 _aمفهوم الايديولوجيا /
_cعبدالله العروى
250 _aالخامسة
260 _aبيروت :
_bالمركز الثقافى العربى ،
_c1993
300 _a143 ص ؛
_c25 سم
650 0 4 _aالعلم
650 0 4 _aالسياسة
650 0 4 _aالفلسفة الحديثة
650 0 4 _aالاجتماع
942 _2ddc
_cBK